Pier Luigi Nervi

Guardat en:
Dades bibliogràfiques
Autor principal: Huxtable, Ada Louise (Autor)
Format: Llibre
Idioma:italià
Publicat: Milán H. Saggiatore 1960
Col·lecció:I maestri dell'architettura contemporanea, 3
Matèries:
Etiquetes: Afegir etiqueta
Sense etiquetes, Sigues el primer a etiquetar aquest registre!

MARC

LEADER 00000nam a2200000 a 4500
001 UCV9308
003 CL-VaPUC
008 920806e19600000IT |||||||||||||||||ita|d
082 0 4 |a 720.92  |b HUX  |2 21 
100 |a Huxtable, Ada Louise  |e author  |9 303309 
245 1 0 |a Pier Luigi Nervi 
300 |a 125 p 
942 |c BK 
945 |d 19920806 00:00:00 
260 |a Milán  |b H. Saggiatore  |c 1960 
600 0 |a Nervi, Pier Luigi,  |d 1891-1979  |9 267151 
650 0 |a Arquitectura moderna   |v Siglo 20   |9 265427 
651 0 |a Italia  |9 254949 
583 |a last modification  |c 19920806 00:00:00  |k Rodrigo Vera 
490 0 |a I maestri dell'architettura contemporanea, 3 
999 |c 214669  |d 214667 
952 |0 0  |1 0  |4 0  |6 720_920000000000000_HUX_1960  |7 0  |8 A  |9 198291  |a BIBARQ  |b BIBARQ  |d 2019-11-14  |i 2657937  |o 720.92 HUX 1960  |p 2657937  |r 2025-01-20  |w 2019-11-14  |y BK  |k ARQ